Asian Cup Winners - Statistics

General Stats
  • This quiz has been taken 820 times
  • The average score is 8 of 9
Answer Stats
Winner % Correct
Japan
99%
South Korea
98%
Qatar
97%
Iran
95%
Australia
91%
Saudi Arabia
89%
Israel
86%
Iraq
84%
Kuwait
79%
No matching quizzes found
Score Distribution
Percent of People with Each Score
Percentile by Number Answered
Your Score History
You have not taken this quiz